000 00481nam a22001817a 4500
003 Ost
005 20200820144756.0
008 190825b ||||| |||| 00| 0 eng d
020 _a9789993691174
040 _cBT-PhCST
050 _a23084
082 _222
_a306.7
_bKAR
100 _aKarma Choden.
245 _aPhallus :
_bcrazy wisdom from Bhutan /
260 _aThimphu, Bhutan :
_bButterLamp Publishers,
_cc2014.
300 _a80 p. :
_bill. (col.). ;
_c23 cm.
942 _2ddc
_cF
999 _c7355
_d7355